[Event "FRA-ch U12/16 Girls"]
[Site "Agen"]
[Date "2023.04.23"]
[Round "1"]
[White "Barrast, Catherine"]
[Black "Deladerriere, Calypso"]
[Result "0-1"]
[WhiteElo "1289"]
[BlackElo "1875"]
[PlyCount "41"]
[EventDate "2023.04.23"]
[EventType "swiss"]
[EventRounds "9"]
[EventCountry "FRA"]
[SourceTitle "CBM 214 Extra"]
[Source "ChessBase"]
[SourceDate "2023.07.31"]
[SourceVersion "1"]
[SourceVersionDate "2023.07.31"]
[SourceQuality "1"]

1. e4 d5 2. exd5 Qxd5 3. Nc3 Qd6 4. d4 Nf6 5. Nge2 a6 6. Bf4 Qb6 7. Na4 Qc6 8. Nac3 Bg4 9. f3 Bh5 10. Qd2 e6 11. 0-0-0 Bb4 12. Rg1 Nbd7 13. g4 Bg6 14. Bg2 0-0-0 15. g5 Nd5 16. Bg3 N7b6 17. a3 Ba5 18. f4 Nc4 19. Qe1 Qb6 20. Na4 Qb5 21. Bf1 0-1

[Event "FRA-ch U16 Girls"]
[Site "Agen"]
[Date "2022.04.18"]
[Round "2"]
[White "Deladerriere, Calypso"]
[Black "Barrast, Catherine"]
[Result "1-0"]
[WhiteElo "1716"]
[BlackElo "1360"]
[PlyCount "71"]
[EventDate "2022.04.16"]
[EventType "swiss"]
[EventRounds "9"]
[EventCountry "FRA"]
[SourceTitle "EXT 2023"]
[Source "ChessBase"]
[SourceDate "2022.10.05"]
[SourceVersion "1"]
[SourceVersionDate "2022.10.05"]
[SourceQuality "1"]

1. e4 c5 2. f4 d6 3. Nf3 a6 4. a4 Nf6 5. Nc3 Nc6 6. Bc4 e6 7. Ba2 Be7 8. d3 0-0 9. 0-0 Qc7 10. Qe1 Bd7 11. Qg3 Rfd8 12. Nh4 Bf8 13. f5 Kh8 14. Bg5 Be7 15. Qh3 Ne5 16. Bf4 Neg4 17. Bg5 Ne5 18. Ne2 Qc8 19. Nf4 Re8 20. fxe6 fxe6 21. Nhg6+ Nxg6 22. Nxg6+ Kg8 23. Nxe7+ Rxe7 24. Bxf6 gxf6 25. Rxf6 Kh8 26. Raf1 Qg8 27. Qh6 Rg7 28. g3 Re8 29. Qh5 Rg6 30. Rf7 Bc6 31. R1f4 Rg7 32. Bxe6 Rg5 33. Rxh7+ Qxh7 34. Qxg5 Bxa4 35. Qf6+ Qg7 36. Rh4# 1-0

[Event "Trophee Roza Lallemand Online"]
[Site "Tornelo INT"]
[Date "2020.12.13"]
[Round "6"]
[White "Barrast, Catherine"]
[Black "Mauffrey, Fabienne"]
[Result "1-0"]
[WhiteElo "1414"]
[BlackElo "1418"]
[PlyCount "63"]
[EventDate "2020.12.13"]
[EventType "swiss (rapid)"]
[EventRounds "9"]
[EventCountry "USA"]
[SourceTitle "EXT 2022"]
[Source "ChessBase"]
[SourceDate "2021.10.06"]
[SourceVersion "1"]
[SourceVersionDate "2021.10.06"]
[SourceQuality "1"]

1. e4 d6 2. d4 Nf6 3. Bd3 Nbd7 4. Nf3 e5 5. Be3 Be7 6. 0-0 c6 7. c4 0-0 8. Nc3 a6 9. a4 b6 10. b4 Ng4 11. Bd2 Ngf6 12. Be3 h6 13. a5 Bb7 14. axb6 Nxb6 15. dxe5 dxe5 16. Nxe5 Bxb4 17. Qd2 c5 18. Qb2 Nfd7 19. Nd5 a5 20. Rfd1 Nxd5 21. cxd5 Nxe5 22. Qxe5 Re8 23. Qg3 Qf6 24. Ra2 Rac8 25. Rc1 Qg6 26. Qxg6 fxg6 27. Re2 Kh7 28. Bf4 Rcd8 29. d6 Bc6 30. e5 Bd5 31. Rcc2 Be6 32. Rcd2 1-0